| 000 | 00803aam a2200301 4500 | ||
|---|---|---|---|
| 005 | 20250819155513.0 | ||
| 008 | 150618b2010 xxu||||| |||| 00| 0 spa d | ||
| 020 | _a9789968561150 | ||
| 041 | _aESP | ||
| 082 | _a345 C348d | ||
| 100 |
_aCastillo González, Francisco _92159 |
||
| 245 | _aDerecho Penal: Parte General Tomo II | ||
| 260 | _aCosta Rica | ||
| 260 | _bEditorial Jurídica Continental | ||
| 260 | _c2010 | ||
| 300 | _a720 páginas | ||
| 490 | _aInvestigación Criminal | ||
| 650 | _aDERECHO PENAL | ||
| 650 | _aANTIJURICIDAD | ||
| 650 | _aCAUSAS DE JUSTIFICACIÓN | ||
| 650 | _aLEGITIMA DEFENSA | ||
| 650 | _aNECESIDAD JUSTIFICANTE | ||
| 650 | _aCOLISIÓN DE DEBERES | ||
| 650 | _aCULPABILIDAD | ||
| 650 | _aDERECHO LEGAL | ||
| 650 | _aDETENCIÓN | ||
| 942 |
_cBK _2ddc |
||
| 999 |
_c2932 _d2932 |
||